|
|
|
|
| LEADER |
00000cam a2200000 a 4500 |
| 001 |
vtls001220771 |
| 003 |
SK-MaSNL |
| 005 |
20260301154525.0 |
| 008 |
960412s1996 xo grj 00000 slo |
| 035 |
|
|
|a SNK000165716
|
| 040 |
|
|
|a SNK
|b slo
|c SNK
|e AACR2
|
| 041 |
0 |
|
|a slo
|
| 043 |
|
|
|a e-xo---
|
| 044 |
|
|
|a xo
|c SK
|
| 072 |
|
7 |
|a 547
|x Organická chémia
|2 konspekt
|
| 072 |
|
7 |
|a 615
|x Farmácia. Farmakológia
|2 konspekt
|
| 080 |
|
|
|a (088.83)
|2 2001
|
| 080 |
|
|
|a 547.7
|2 2011
|
| 245 |
0 |
0 |
|a 2-Alkoxyfenylkarbamoyloxychinuklidíniumchloridy
|c Ján Ďurinda, Gridrich Gregáň, Katarína Kráľová, Eva Račanská
|
| 260 |
|
|
|a Banská Bystrica
|b Úrad priemyselného vlastníctva SR
|c 1996
|
| 300 |
|
|
|a 3 strany
|c 8°
|
| 650 |
0 |
7 |
|a 2-Alkoxyfenylkarbamoyloxychinuklidíniumchloridy
|2 SNKPH
|9 517534
|
| 650 |
0 |
7 |
|a lokálno-anestetické účinky
|2 SNKPH
|9 517535
|
| 650 |
0 |
7 |
|a heterocyklické zlúčeniny
|2 SNKPH
|9 4112
|
| 655 |
|
7 |
|a patenty
|2 SNKPH
|9 177343
|
| 700 |
1 |
|
|a Ďurinda, Ján,
|d 1928-2009
|4 org
|9 224729
|
| 700 |
1 |
|
|a Gregáň, Fridrich,
|d 1944-
|4 org
|9 204825
|
| 700 |
1 |
|
|a Kráľová, Katarína,
|d 1944-
|4 org
|9 220290
|
| 700 |
1 |
|
|a Račanská, Eva,
|d 1949-
|4 org
|9 253899
|
| 710 |
2 |
|
|a Univerzita Komenského v Bratislave.
|b Farmaceutická fakulta
|4 pth
|
| 710 |
2 |
|
|a Univerzita Komenského v Bratislave.
|b Prírodovedecká fakulta
|4 pth
|
| 999 |
|
|
|c 797154
|d 799084
|
| 952 |
|
|
|t P60, <03>, [BOOK], {603}
|a SNK
|b SNK
|y PREZ
|7 0
|o snkSK 278236
|i snkPS 290/96
|0 0
|1 0
|4 0
|d 1996-09-19
|l 0
|r 2005-01-01 00:00:00
|w 2026-02-24
|